The impact of crime /

Bibliographic Details
Main Author: Conklin, John E.
Format: Book
Language:English
Published: New York : Macmillan, [1975]
Subjects:

MARC

Tag First Indicator Second Indicator Subfields
LEADER 00000pam a2200000 4500
001 in00000467113
005 20151013050320.0
008 740712s1975 nyu b 00110 eng
010 |a  74004645  
020 |a 0023242604 
035 |a (OCoLC)00983956 
035 |9 ACA3022AM 
040 |a DLC  |c DLC  |d TXA  |d UtOrBLW 
043 |a n-us--- 
049 |a TXAM 
050 0 0 |a HV6791  |b .C65 
082 0 |a 364/.973 
100 1 |a Conklin, John E. 
245 1 4 |a The impact of crime /  |c John E. Conklin. 
264 1 |a New York :  |b Macmillan,  |c [1975] 
264 4 |c ©1975 
300 |a ix, 294 pages ;  |c 21 cm. 
336 |a text  |b txt  |2 rdacontent 
337 |a unmediated  |b n  |2 rdamedia 
338 |a volume  |b nc  |2 rdacarrier 
504 |a Includes bibliographical references (pages 267-278) and index. 
650 0 |a Crime  |z United States. 
650 0 |a Criminals  |z United States. 
999 |a MARS 
999 f f |s 793f2b13-acd0-3432-b788-6bcfe72e67a2  |i 307c04cd-8dbe-3eba-9204-b3d489ad33a6  |t 0 
952 f f |p normal  |a Texas A&M University  |b College Station  |c Sterling C. Evans Library  |d Evans: Library Stacks  |t 0  |e HV6791 .C65  |h Library of Congress classification  |i unmediated -- volume  |m A14803037532 
998 f f |a HV6791 .C65  |t 0  |l Evans: Library Stacks